000 00389nam a22001457a 4500
020 _a0-256-06904-2
082 _a658.302 CAT'S
100 _aMILLER, DONALD S, CATT, STEPHEN E
_967111
245 _aSUPERVISION WORKING WITH PEOPLE
250 _a2ND
260 _aBOSTON
_bIRWIN
_c1991
300 _a515P
650 _aBUSINESS COMMUNICATION SUPERVISION OF EMPLOYEES
_967112
942 _cBK
999 _c574959
_d574959